| 000 | 00728nam a2200229Ia 4500 | ||
|---|---|---|---|
| 001 | 10340 | ||
| 003 | GE_BSU | ||
| 008 | 181216s||||||||xx |||||||||||||| ||und|| | ||
| 040 | _cGE_BSU | ||
| 080 | _a821.353.1–32 | ||
| 100 | _aურჯუმელაშვილი, ივანე | ||
| 245 | _aდედაშვილობა | ||
| 245 | _bმოთხრობები | ||
| 245 | _cრედ.მ.ჭავჭავაძე.მხატვ.ი.ქლიბაძე | ||
| 260 | _aთბილისი | ||
| 260 | _bნაკადული | ||
| 260 | _c1960 | ||
| 300 | _a198გვ.ილ.22სმ. | ||
| 653 | _aდედაშვილობა | ||
| 653 | _aმოთხრობები | ||
| 942 | _cBK | ||
| 999 |
_c43605 _d43605 |
||